| 000 | 03184nam a22004457a 4500 | ||
|---|---|---|---|
| 005 | 20090611160635.0 | ||
| 008 | 090611t xxu||||| |||| 00| 0 eng d | ||
| 010 | _aENG-93956 | ||
| 020 |
_a9788189632069 _c250.00 |
||
| 020 |
_a818963206X _c250.00 |
||
| 035 | _aEN-77489 | ||
| 035 | _aB-365377-389 | ||
| 037 | _bDBAD / PUB | ||
| 037 | _bAakar Books | ||
| 040 |
_adpl _bEnglish |
||
| 082 | _aS | ||
| 245 |
_aAfsaneh: _cedited by Kaveh Basmenji _bshort stories by Iranian women / |
||
| 260 |
_aNew Delhi _bStanza _c2007 |
||
| 270 |
_a22-C, Pocket-C, Siddhartha Extension _bNew Delhi _e110014 |
||
| 300 |
_a200p. _c19cm (pbk) |
||
| 500 | _aIncludes bibliographical references | ||
| 650 | _aShort stories, English | ||
| 700 | _aBasmenji, Kaveh | ||
| 942 |
_2ddc _cEN _hS _mAFS |
||
| 999 |
_c27392 _d27392 |
||